4 letter words part 4 - Statistics

General Stats
  • This quiz has been taken 36 times
  • The average score is 18 of 20
Answer Stats
Hint Answer % Correct
Bass Bass
100%
Line Line
100%
Tree Tree
100%
Wife Wife
100%
Ever Ever
95%
Hate Hate
95%
Mint Mint
95%
Mole Mole
95%
Rack Rack
95%
Side Side
95%
Tilt Tilt
95%
Wish Wish
95%
Five Five
86%
Milk Milk
86%
Nose Nose
86%
Twin Twin
86%
Edge Edge
81%
Film Film
81%
Poor Poor
76%
Play Play
62%
No matching quizzes found
Score Distribution
Percent of People with Each Score
Percentile by Number Answered
Your Score History
You have not taken this quiz